| 000 | 01865cam a22004094a 4500 | ||
|---|---|---|---|
| 001 | 14200736 | ||
| 005 | 20170105102917.0 | ||
| 008 | 051215s2006 nyuab b 001 0deng | ||
| 010 | _a 2005058597 | ||
| 020 | _a9780802714718 | ||
| 020 | _a0802714714 | ||
| 035 | _a(OCoLC)ocm62741565 | ||
| 040 |
_aDLC _cDLC _dC#P _dBAKER _dDLC |
||
| 042 | _apcc | ||
| 043 |
_an-us--- _aew----- _aa-ja--- |
||
| 050 | 0 | 0 |
_aD790.2 _b.G73 2006 |
| 082 | 0 | 0 |
_a940.54/497301 _222 |
| 100 | 1 | _aGrayling, A. C. | |
| 245 | 1 | 0 |
_aAmong the dead cities : _bthe history and moral legacy of the WWII bombing of civilians in Germany and Japan / _cA.C. Grayling. |
| 250 | _a1st U.S. ed. | ||
| 260 |
_aNew York : _bWalker & Co. : _bDistributed to the trade by Holtzbrinck Publishers, _c2006. |
||
| 300 |
_axii, 361 p. : _bill., maps ; _c25 cm. |
||
| 504 | _aIncludes bibliographical references (p. [345]-348) and index. | ||
| 650 | 0 |
_aWorld War, 1939-1945 _xAerial operations, American _xMoral and ethical aspects. |
|
| 650 | 0 |
_aWorld War, 1939-1945 _xAerial operations, British _xMoral and ethical aspects. |
|
| 650 | 0 |
_aWorld War, 1939-1945 _xMoral and ethical aspects. |
|
| 650 | 0 |
_aWorld War, 1939-1945 _xCasualties _zGermany. |
|
| 650 | 0 |
_aWorld War, 1939-1945 _xCasualties _zJapan. |
|
| 650 | 0 |
_aBombing, Aerial _xMoral and ethical aspects _zGermany. |
|
| 650 | 0 |
_aBombing, Aerial _xMoral and ethical aspects _zJapan. |
|
| 650 | 0 |
_aCivilian war casualties _zGermany _xHistory _y20th century. |
|
| 650 | 0 |
_aCivilian war casualties _zJapan _xHistory _y20th century. |
|
| 856 | 4 | 2 |
_3Publisher description _uhttp://www.loc.gov/catdir/enhancements/fy0665/2005058597-d.html |
| 906 |
_a7 _bcbc _corignew _d1 _eocip _f20 _gy-gencatlg |
||
| 942 |
_2ddc _cBK |
||
| 999 |
_c15403 _d15403 |
||